000 00529nam a2200193 4500
001 108745
003 ES-MaACL
005 20230906184712.0
007 t|
008 061121s1981 sp r ||||1| spa d
100 0 _aMontalvo, Eloísa.
_982348
245 1 0 _aElena Janopoulos, espía /
_cEloísa Montalvo.
260 _aMadrid :
_bCertamen,
_c1981.
300 _a316 p. ;
_c18 cm.
490 1 _aBiblioteca ;
_v19
830 0 _aBiblioteca ;
_v19
_9232955
852 _aES-MaACL
_jL-7927
_bR.108431
999 _c108745
_d108745